| 000 | 00701nam a2200229 a 4500 | ||
|---|---|---|---|
| 001 | BRCA_6109 | ||
| 005 | 20190320205334.0 | ||
| 008 | 300611s1891----gw-#######---#000-0#ger-# | ||
| 041 | _ager | ||
| 044 | _agw | ||
| 050 | 4 |
_aDP42 _b.S87 1891 |
|
| 245 | 1 | 0 |
_aViaje por España = Sprachführer für Deutsche in Spanien _bPraktisches Handbuch der Spanischen Umgangssprache _cvon Th. Stromer |
| 250 | _a2 | ||
| 260 |
_aBerlín _bF.A. Herbig _c1891 |
||
| 300 |
_a144 p. _c15 cm. |
||
| 500 | _aTítulo de cubierta: Stromer, Viaje por Espana | ||
| 500 | _aK11 | ||
| 650 | 1 | 4 |
_aAlemán _eEjercicios de redacción _915435 |
| 650 | 1 | 4 |
_aEspaña _vDescripción y viajes _915436 |
| 902 | _aGFM | ||
| 942 |
_2lcc _cB |
||
| 999 |
_c5796 _d5796 |
||